Представление документа в формате RUSMARC

ПолеНазваниеЗначение
  Тип записи a
  Библиографический уровень c
001 Контрольный номер SKBR/3048912a-20ec-41a4-b804-e362ab827055
005 Дата корректировки 20260624165229.8
010 Индекс ISBN __
a ISBN 978-5-00242-069-8
b Уточнения в пер.
d Цена 987-00
035 Другие системные номера __
a Идентификатор записи RU\NLR\BIBL_A\022588892
100 Данные общей обработки __
a Данные общей обработки 20260528d2025 mady0rusa028902 ca
101 Язык документа 0_
a Язык текста rus
102 Страна публикации __
a Страна публикации RU
105 Кодированные данные (монография) __
a Кодированные данные (монография) a t 000ay
181 Поле кодированных данных: вид содержания _0
a Код вида содержания (ISBD) i
181 Поле кодированных данных: вид содержания _0
a Код вида содержания (ISBD) b
182 Поле кодированных данных: тип средства _0
a Код типа средства (ISBD) n
200 Заглавие и сведения об ответственности 1_
a Заглавие Рассказы
e Сведения, относящиеся к заглавию [комиксы]
f Первые сведения об ответственности Антон Чехов
g Последующие сведения об ответственности [сценаристы: Дмтрий Семин и др. ; художники: Алексей Попов и др.]
203 Вид содержания и тип средства __
a Вид содержания Текст
a Вид содержания Изображение
b Характеристика содержания двухмерное
b Характеристика содержания неподвижное
c Тип средства непосредственные
210 Выходные данные 1_
a Место издания Москва
c Издательство Альпака
d Дата издания 2025
215 Физическое описание __
a Объем [88] с.
c Иллюстрации/тип воспроизводства ил.
d Формат 23 см
225 Серия 1_
a Серия Классика в комиксах
330 Аннотация __
a Аннотация Антон Павлович Чехов — один из главных русских писателей и настоящий классик мировой литературы. Его произведения переведены более чем на сто языков, экранизированы более трёхсот раз, а их театральные постановки до сих пор не сходят со сцен в разных уголках мира. Безусловно, Антон Павлович является непревзойдённым мастером короткой формы. В этом сборнике вы найдёте графические адаптации сразу четырёх рассказов: "Смерть чиновника", "Роман с контрабасом", "Который из трёх?" и "Хамелеон". Фирменный юмор, обаятельные персонажи и разнообразие визуальных стилей — в комплекте!
333 Примечание о целевом назначении __
a Примечание о целевом назначении 12+. Для детей старше 12 лет
464 Аналитический уровень _0
1 2001
a Смерть чиновника
f сценарист Дмитрий Сёмин ; художник Алексей Попов
464 Аналитический уровень _0
1 2001
a Роман с контрабасом
f сценарист Екатерина Бременская ; художник Полина Абкеримова
464 Аналитический уровень _0
1 2001
a Который из трех?
f сценарист Игорь Егунов ; художник Татьяна Бабернова
464 Аналитический уровень _0
1 2001
a Хамелеонъ
f сценарист и художник Александр Зеленков
606 Тематические рубрики __
2 Код системы nlr_sh
a Основная рубрика Художественная литература
606 Тематические рубрики __
2 Код системы nlr_sh
a Основная рубрика Русская литература XIX в. (произведения)
610 Ключевые слова 0_
a Ключевые слова русская литература
610 Ключевые слова 0_
a Ключевые слова молодежная литература
610 Ключевые слова 0_
a Ключевые слова русская классика
610 Ключевые слова 0_
a Ключевые слова комикс-адаптации
610 Ключевые слова 0_
a Ключевые слова комиксы
610 Ключевые слова 0_
a Ключевые слова графические адаптации
610 Ключевые слова 0_
a Ключевые слова адаптированная классика
610 Ключевые слова 0_
a Ключевые слова рассказы
610 Ключевые слова 0_
a Ключевые слова юмористические рассказы
686 Индексы других классификаций __
a Классификационный индекс 84(2=411.2)52-8
2 Код системы rubbks
700 Автор _1
a Фамилия Чехов
b Имя А. П.
g Полное личное имя Антон Павлович
4 Код отношения 070
f Даты 1860-1904
702 Вторичная интеллектуальная ответственность _1
a Фамилия Семин
b Имя Д.
g Полное личное имя Дмитрий
4 Код отношения 690
702 Вторичная интеллектуальная ответственность _1
a Фамилия Попов
b Имя А. В.
g Полное личное имя Алексей Вячеславович
4 Код отношения 440
702 Вторичная интеллектуальная ответственность _1
a Фамилия Бременская
b Имя Е.
g Полное личное имя Екатерина
4 Код отношения 690
702 Вторичная интеллектуальная ответственность _1
a Фамилия Абкеримова
b Имя П. А.
g Полное личное имя Полина Андреевна
4 Код отношения 440
702 Вторичная интеллектуальная ответственность _1
a Фамилия Егунов
b Имя И. Н.
f Даты 1964-
g Полное личное имя Игорь Николаевич
4 Код отношения 690
702 Вторичная интеллектуальная ответственность _1
a Фамилия Бабернова
b Имя Т. В.
g Полное личное имя Татьяна Васильевна
4 Код отношения 440
702 Вторичная интеллектуальная ответственность _1
a Фамилия Зеленков
b Имя А.
g Полное личное имя Александр
4 Код отношения 690
4 Код отношения 440
801 Источник записи _0
a Страна RU
b Организация NLR
c Дата составления 20250722
g Правила каталогизации PSBO
801 Источник записи _1
a Страна RU
b Организация NLR
c Дата составления 20250722
g Правила каталогизации PSBO
801 Источник записи _2
a Страна RU
b Организация NLR
c Дата составления 20251101
2 Код формата rusmarc
g Правила каталогизации PSBO
852 Данные о местонахождении __
i Авторский знак Ч-56
j Шифр хранения 84(2=411.2)52-8
900 Макрообъекты __
a Макрообъекты Рассказы. Чехов, А. П., 2025
901 Тип документа __
a Ответственный КиК/Обаева
t Тип документа x
901 Тип документа __
a Ответственный 7 партия
903 Характеристики (МАРС) __
a Дата передачи 20260528
c Наименование библиотеки (МАРС) Муниципальное бюджетное учреждение культуры "Централизованная библиотечная система" г. Сургут (Центральная городская библиотека им. А. С. Пушкина)
969 Тип издания __
a Тип издания Ф 26
a Тип издания молодежное издание
990 Данные о заказе (DOS) __
j Количество экземпляров (DOS) 2
t N записи в КСУ для И/У (DOS) 202607